000 00439nam a2200181Ia 4500
001 10412
005 20260306161830.0
008 260306t2009||||xx |||||||||||||| ||spa||
041 _aESP
082 _a923.5
_bL595
100 _aLynch, John
_eAUT
245 0 _aSan Martín:
_bsoldado argentino, héroe americano
260 _c2009
300 _a382 páginas :
_c23 cm.
650 _aGEN
654 _aCHU
942 _cLIB
_dJUS
_fJUS
_2ddc
_n
999 _c10412
_d10412